| 000 -LEADER |
| fixed length control field |
00473nam a2200145Ia 4500 |
| 008 - FIXED-LENGTH DATA ELEMENTS--GENERAL INFORMATION |
| fixed length control field |
200103s9999||||xx |||||||||||||| ||und|| |
| 020 ## - INTERNATIONAL STANDARD BOOK NUMBER |
| International Standard Book Number |
9780851746050 |
| 082 ## - DEWEY DECIMAL CLASSIFICATION NUMBER |
| Classification number |
623.8881 |
| Item number |
TAY |
| 100 ## - MAIN ENTRY--PERSONAL NAME |
| Personal name |
Taylor, Leslie Granville |
| 245 #0 - TITLE STATEMENT |
| Title |
Cargo Work: The Care, Handling and Carriage of Cargoes, Including the Management of Marine Cargo Transportation |
| 260 ## - PUBLICATION, DISTRIBUTION, ETC. (IMPRINT) |
| Name of publisher, distributor, etc |
Brown, Son & Ferguson Ltd |
| Date of publication, distribution, etc |
1992 |
| Place of publication, distribution, etc |
Great Britain |
| 300 ## - PHYSICAL DESCRIPTION |
| Extent |
xvi, 506p. |
| 650 ## - SUBJECT ADDED ENTRY--TOPICAL TERM |
| Topical term or geographic name as entry element |
Ships--Cargo |
| 942 ## - ADDED ENTRY ELEMENTS (KOHA) |
| Item type |
Books |